000 00400nam a2200157Ia 4500
008 180921t2012 xxu||||| |||| 00| 0 eng d
041 _aeng
080 _a581
_bKOS
100 _aKossinna, Chintha
245 _aFlowers : scented beauties
260 _bVisidunu Publication
_aBoralesgamuwa
_c2012
300 _a20, 23 cm
942 _cBK
999 _c13132
_d13132
003 LK-CoDNM
040 _aLK-CoDNM
_dLK-CoDNM
_eLK-CoDNM